Vasculitisek bőrön megjelenő formái [Vasculitis involving the skin]

Elmentve itt :
Bibliográfiai részletek
Szerzők: Belső Nóra
Nagy Géza Róbert
Csörgő Sándorné Bata Zsuzsanna
Dokumentumtípus: Cikk
Megjelent: 2021
Sorozat:BŐRGYÓGYÁSZATI ÉS VENEROLÓGIAI SZEMLE 97 No. 3
Tárgyszavak:
doi:10.7188/bvsz.2021.97.3.4

mtmt:32475515
Online Access:http://publicatio.bibl.u-szeged.hu/28346
LEADER 00820nab a2200229 i 4500
001 publ28346
005 20230927090811.0
008 230927s2021 hu o 0|| Magyar d
022 |a 0006-7768 
024 7 |a 10.7188/bvsz.2021.97.3.4  |2 doi 
024 7 |a 32475515  |2 mtmt 
040 |a SZTE Publicatio Repozitórium  |b hun 
041 |a Magyar 
100 1 |a Belső Nóra 
245 1 0 |a Vasculitisek bőrön megjelenő formái [Vasculitis involving the skin]  |h [elektronikus dokumentum] /  |c  Belső Nóra 
260 |c 2021 
300 |a 151-156 
490 0 |a BŐRGYÓGYÁSZATI ÉS VENEROLÓGIAI SZEMLE  |v 97 No. 3 
650 4 |a Klinikai orvostan 
700 0 1 |a Nagy Géza Róbert  |e aut 
700 0 2 |a Csörgő Sándorné Bata Zsuzsanna  |e aut 
856 4 0 |u http://publicatio.bibl.u-szeged.hu/28346/1/bvsz_2021_03_4_cikk.pdf  |z Dokumentum-elérés